| 000 | 00566nam a22002057a 4500 | ||
|---|---|---|---|
| 003 | LK-CoMWRAF | ||
| 005 | 20240624114051.0 | ||
| 008 | 240624b1966 |||||||| |||| 00| 0 eng d | ||
| 020 | _a8170583128 | ||
| 040 |
_aLK-CoMWRAF _dLK-CoMWRAF _eLK-CoMWRAF |
||
| 041 | _aeng | ||
| 082 |
_a954 _bAUR |
||
| 100 | _aSri Aurobindo | ||
| 245 | _aThe renaissance in India | ||
| 260 |
_aPondicherry: _bSri Aurobindo ashram _c1966 |
||
| 300 | _a53 p. | ||
| 650 | _aRENAISSANCE-India | ||
| 856 | _uhttps://mast.queensu.ca/~murty/Aurobindo-Renaissance-of-India.pdf | ||
| 942 | _cBK | ||
| 999 |
_c4934 _d4934 |
||